000 00559nam a2200217 a 4500
999 _c6963
_d6963
001 6963
003 BD-JhCC
005 20180203103536.0
008 180203s1962 n a|||| ||| 001 0 eng d
035 _a(BD-JhCC)6963
040 _aBD-JhCC
_dBD-JhCC
041 _aeng
082 _a938
_bROB 1962
100 _aRobinson, C. E.
245 _aHellas A short History of Ancient Greece /
_cC. E. Robinson,
260 _aNew York :
_bBeacon Press,
_c1962
300 _a201 p. :
_c20 cm.
650 _aCivilization
_zGreece
942 _2ddc
_cBK